000 00396nam a22001577a 4500
003 SGT
020 _a9789352705788
082 _a617.522
_bT21M
100 _aMalik, Neelima Anil
245 _aTextbook of Oral & Maxillofacial Surgery
250 _a5th
260 _aNew Delhi, India
_bJaypee Publishers
_c2021
300 _a1254
650 _aOral & Maxillofacial Surgery
942 _2ddc
_cBK
_066
999 _c24876
_d24876